Thời phục hưng Hội họa
Salvato in:
| Autore principale: | |
|---|---|
| Altri autori: | |
| Natura: | Libro |
| Pubblicazione: |
Hà Nội
Mỹ thuật
2000
|
| Soggetti: | |
| Tags: |
Aggiungi Tag
Nessun Tag, puoi essere il primo ad aggiungerne! !
|
| Thư viện lưu trữ: | Trung tâm Học liệu Lê Vũ Hùng, Trường Đại học Đồng Tháp |
|---|
| LEADER | 00708pam a22002178a 4500 | ||
|---|---|---|---|
| 001 | 00037597 | ||
| 005 | 20171109141122.0 | ||
| 008 | 170513s2000 ||||||Viesd | ||
| 041 | 0 | # | |a Vie |
| 082 | 1 | 4 | |a 759 |b TH462PH |
| 100 | 1 | # | |a Alisin cole |
| 245 | 1 | 0 | |a Thời phục hưng |c Alisin cole;Phạm Cao Hoàn |b Hội họa |
| 260 | # | # | |a Hà Nội |b Mỹ thuật |c 2000 |
| 300 | # | # | |a 63 tr. |c 26 cm |
| 653 | # | # | |a Hội họa thời phục hưng |
| 653 | # | # | |a thời phục hưng |
| 700 | 1 | # | |a Phạm, Cao Hoàn |
| 852 | # | # | |b Kho đọc |j KD.1000453 |
| 852 | # | # | |j KD.0021392 |j KM.0022402 |
| 910 | |d 13/05/2017 | ||
| 980 | # | # | |a Trung tâm Học liệu Lê Vũ Hùng, Trường Đại học Đồng Tháp |